5HLuxD.jpg

KING HENRY VIII SENIOR AND PRIMARY SCHOOL LIBRARY OPAC

Click, clack, moo : (Record no. 3943)

000 -LEADER
fixed length control field 01501cam a2200421 ab4500
001 - CONTROL NUMBER
control field 1624172
003 - CONTROL NUMBER IDENTIFIER
control field OSt
005 - DATE AND TIME OF LATEST TRANSACTION
control field 20241122135500.0
008 - FIXED-LENGTH DATA ELEMENTS--GENERAL INFORMATION
fixed length control field 190919s2017 nyua b 000 1 eng d
010 ## - LIBRARY OF CONGRESS CONTROL NUMBER
LC control number 2016033732
020 ## - INTERNATIONAL STANDARD BOOK NUMBER
International Standard Book Number 9781481444965
Qualifying information (hbk.) :
040 ## - CATALOGING SOURCE
Original cataloging agency TAE
Language of cataloging eng
Transcribing agency TAE
Description conventions aacr2
Modifying agency KH8
041 0# - LANGUAGE CODE
Language code of text/sound track or separate title eng
042 ## - AUTHENTICATION CODE
Authentication code nbic
082 0# - DEWEY DECIMAL CLASSIFICATION NUMBER
Classification number 372.41 CRO
100 1# - MAIN ENTRY--PERSONAL NAME
Personal name Cronin, Doreen.
Relator term Author
245 10 - TITLE STATEMENT
Title Click, clack, moo :
Remainder of title I love you! /
Statement of responsibility, etc. Doreen Cronin ; illustrated by Betsy Lewin.
246 3# - VARYING FORM OF TITLE
Title proper/short title I love you!
250 ## - EDITION STATEMENT
Edition statement 1st ed.
260 ## - PUBLICATION, DISTRIBUTION, ETC.
Place of publication, distribution, etc. New York, New York :
Name of publisher, distributor, etc. Atheneum Books For Young Readers, an imprint of Simon & Schuster Children's Publishing Division,
Date of publication, distribution, etc. c2017.
300 ## - PHYSICAL DESCRIPTION
Extent [30] p. :
Other physical details col. ill. ;
Dimensions 27 cm.
385 ## - AUDIENCE CHARACTERISTICS
Demographic group code age
Audience term Children
Source lcdgt.
490 1# - SERIES STATEMENT
Series statement Farmer Brown's Barnyard Tales.
500 ## - GENERAL NOTE
General note "A Caitlyn Dlouhy Book."
520 ## - SUMMARY, ETC.
Summary, etc. Little Duck is working hard making valentines for everyone and decorating for the Valentine's Day dance, but what happens when an unexpected guest arrives?
521 0# - TARGET AUDIENCE NOTE
Target audience note 1.8.
650 #0 - SUBJECT ADDED ENTRY--TOPICAL TERM
Topical term or geographic name entry element Dance parties
Form subdivision Juvenile fiction.
650 #0 - SUBJECT ADDED ENTRY--TOPICAL TERM
Topical term or geographic name entry element Domestic animals
Form subdivision Juvenile fiction.
650 #0 - SUBJECT ADDED ENTRY--TOPICAL TERM
Topical term or geographic name entry element Ducks
Form subdivision Juvenile fiction.
650 #0 - SUBJECT ADDED ENTRY--TOPICAL TERM
Topical term or geographic name entry element Farm life
Form subdivision Juvenile fiction.
650 #0 - SUBJECT ADDED ENTRY--TOPICAL TERM
Topical term or geographic name entry element Valentine's Day
Form subdivision Juvenile fiction.
655 #0 - INDEX TERM--GENRE/FORM
Genre/form data or focus term Fantasy.
655 #0 - INDEX TERM--GENRE/FORM
Genre/form data or focus term Picture Books for Children.
655 #0 - INDEX TERM--GENRE/FORM
Genre/form data or focus term Valentine's Day.
700 1# - ADDED ENTRY--PERSONAL NAME
Personal name Lewin, Betsy.
Relator term Illustrator
830 #0 - SERIES ADDED ENTRY--UNIFORM TITLE
Uniform title Farmer Brown's Barnyard Tales.
942 ## - ADDED ENTRY ELEMENTS (KOHA)
Source of classification or shelving scheme
Koha item type Books - Non Ficton
Holdings
Withdrawn status Lost status Source of classification or shelving scheme Damaged status Not for loan Collection code Permanent Location Current Location Shelving location Date acquired Total Checkouts Full call number Barcode Date due Date last seen Date last checked out Price effective from Koha item type
          Non-Fiction KH8 Primary School Library KH8 Primary School Library Non Fiction 2024-11-22 1 372.41 CRO KHPL000004638 2026-04-15 2026-04-07 2026-04-07 2024-11-22 Books - Non Ficton

Powered By KH8 IT Dept